[Event "Oberliga Ost-A 1920"]
[Site "Germany"]
[Date "2020.01.19"]
[Round "7.5"]
[White "Schuetze, Norman"]
[Black "Groeger, Stefan"]
[Result "1-0"]
[WhiteElo "2296"]
[BlackElo "2110"]
[PlyCount "43"]
[EventDate "2019.09.29"]
[EventType "team-tourn"]
[EventRounds "11"]
[EventCountry "GER"]
[SourceTitle "EXT 2021"]
[Source "ChessBase"]
[SourceDate "2020.10.23"]
[SourceVersion "1"]
[SourceVersionDate "2020.10.23"]
[SourceQuality "1"]
[WhiteTeam "Loeberitz"]
[BlackTeam "Halle USV"]
[WhiteTeamCountry "GER"]
[BlackTeamCountry "GER"]

1. e4 c6 2. d4 d5 3. Nd2 dxe4 4. Nxe4 Bf5 5. Ng3 Bg6 6. h4 h6 7. Nf3 Nd7 8. h5 Bh7 9. Bd3 Bxd3 10. Qxd3 e6 11. Bf4 Qa5+ 12. Bd2 Bb4 13. c3 Be7 14. c4 Qc7 15. 0-0-0 Ngf6 16. Rhe1 0-0 17. Nf5 exf5 18. Rxe7 Ne4 19. Nh4 Ndc5 20. Qxe4 Qh2 21. Qe2 Qxh4 22. dxc5 1-0

[Event "Oberliga Ost-A 1920"]
[Site "Germany"]
[Date "2019.09.29"]
[Round "1.8"]
[White "Ellemann, Stefan"]
[Black "Groeger, Stefan"]
[Result "1/2-1/2"]
[WhiteElo "2041"]
[BlackElo "2110"]
[PlyCount "44"]
[EventDate "2019.09.29"]
[EventType "team-tourn"]
[EventRounds "11"]
[EventCountry "GER"]
[SourceTitle "EXT 2021"]
[Source "ChessBase"]
[SourceDate "2020.10.23"]
[SourceVersion "1"]
[SourceVersionDate "2020.10.23"]
[SourceQuality "1"]
[WhiteTeam "Sangerhausen"]
[BlackTeam "Halle USV"]
[WhiteTeamCountry "GER"]
[BlackTeamCountry "GER"]

1. c4 e6 2. g3 d5 3. Bg2 Nf6 4. Nf3 Be7 5. 0-0 0-0 6. b3 c5 7. cxd5 exd5 8. d4 b6 9. Nc3 Bb7 10. Bb2 Na6 11. Ne5 Nc7 12. dxc5 bxc5 13. Rc1 Rc8 14. Bh3 d4 15. Bxc8 Qxc8 16. Na4 Qh3 17. f3 Bd6 18. Nxc5 Bxe5 19. Nxb7 Bxg3 20. hxg3 Qxg3+ 21. Kh1 Qh3+ 22. Kg1 Qg3+ 1/2-1/2

[Event "Oberliga Ost-A 1718"]
[Site "Germany"]
[Date "2018.04.14"]
[Round "10.7"]
[White "Groeger, Stefan"]
[Black "Scheibe, Axel"]
[Result "1/2-1/2"]
[WhiteElo "2150"]
[BlackElo "1946"]
[PlyCount "124"]
[EventDate "2017.10.22"]
[EventType "team-tourn"]
[EventRounds "11"]
[EventCountry "GER"]
[SourceTitle "EXT 2019"]
[Source "ChessBase"]
[SourceDate "2018.10.10"]
[SourceVersion "1"]
[SourceVersionDate "2018.10.10"]
[SourceQuality "1"]
[WhiteTeam "Halle USV"]
[BlackTeam "Leipzig SG II"]
[WhiteTeamCountry "GER"]
[BlackTeamCountry "GER"]

1. d4 c5 2. c3 d5 3. Nf3 Nc6 4. g3 Nf6 5. Bg2 e6 6. 0-0 Be7 7. Bg5 0-0 8. Nbd2 cxd4 9. Nxd4 Qb6 10. Nxc6 bxc6 11. Qb3 Ba6 12. Rfe1 Rab8 13. Qxb6 Rxb6 14. b3 Ba3 15. Bxf6 gxf6 16. Rab1 f5 17. Bf1 Bd6 18. e3 Kg7 19. Bxa6 Rxa6 20. Rb2 Rb8 21. Rc2 Rb5 22. f4 Ra3 23. Re2 c5 24. c4 Rb4 25. cxd5 exd5 26. Nb1 Ra6 27. Red2 d4 28. Kf2 h5 29. exd4 cxd4 30. Rd3 Be7 31. Nd2 Bf6 32. Nc4 Re6 33. Rd1 Kf8 34. Nb2 Rb8 35. Nd3 Re4 36. Rc5 Rbe8 37. Rd2 Kg7 38. Rxf5 Kg6 39. Rc5 h4 40. Rc6 R8e6 41. Rc7 Re7 42. Rxe7 Bxe7 43. Re2 f5 44. Kf3 Rxe2 45. Kxe2 hxg3 46. hxg3 Kf6 47. Ne5 Ke6 48. Kd3 Kd5 49. Nf3 Bc5 50. b4 Bb6 51. a4 a6 52. Nh4 Ke6 53. a5 Ba7 54. Kc4 d3 55. Kxd3 Bf2 56. Ng2 Kd7 57. Kc4 Kc6 58. Nh4 Bxg3 59. Nxf5 Bxf4 60. Nd4+ Kb7 61. Ne6 Be3 62. Nc5+ Ka7 1/2-1/2

[Event "Oberliga Ost-A 1718"]
[Site "Germany"]
[Date "2017.11.11"]
[Round "2.7"]
[White "Groeger, Stefan"]
[Black "Richter, Claudius"]
[Result "0-1"]
[WhiteElo "2150"]
[BlackElo "2047"]
[PlyCount "76"]
[EventDate "2017.10.22"]
[EventType "team-tourn"]
[EventRounds "11"]
[EventCountry "GER"]
[SourceTitle "EXT 2019"]
[Source "ChessBase"]
[SourceDate "2018.10.10"]
[SourceVersion "1"]
[SourceVersionDate "2018.10.10"]
[SourceQuality "1"]
[WhiteTeam "Halle USV"]
[BlackTeam "Dresden USV TU II"]
[WhiteTeamCountry "GER"]
[BlackTeamCountry "GER"]

1. d4 Nf6 2. Nf3 c5 3. c4 cxd4 4. Nxd4 b6 5. Nc3 Bb7 6. Bg5 e6 7. e3 Be7 8. Nf3 0-0 9. Be2 d5 10. 0-0 h6 11. Bf4 Nbd7 12. Ne5 Nxe5 13. Bxe5 Bd6 14. Bxd6 Qxd6 15. cxd5 Rfd8 16. Bf3 Nxd5 17. Nxd5 Bxd5 18. e4 Bb7 19. Qxd6 Rxd6 20. e5 Rd7 21. Bxb7 Rxb7 22. Rac1 Rd8 23. Rc2 Rbd7 24. f4 Rd2 25. Rxd2 Rxd2 26. Rf2 Rd1+ 27. Rf1 Rd4 28. Rf2 Kh7 29. g3 Kg6 30. Kg2 Kf5 31. Kf3 Rd3+ 32. Ke2 Ke4 33. Rf1 Re3+ 34. Kd2 Rd3+ 35. Ke2 Re3+ 36. Kd2 Rf3 37. Re1+ Kd4 38. Re2 g5 0-1

[Event "Oberliga Ost-A 1617"]
[Site "Germany"]
[Date "2017.05.06"]
[Round "10.7"]
[White "Groeger, Stefan"]
[Black "Greger, Ubald"]
[Result "1/2-1/2"]
[WhiteElo "2166"]
[BlackElo "2079"]
[PlyCount "116"]
[EventDate "2016.10.16"]
[EventType "team-tourn"]
[EventRounds "11"]
[EventCountry "GER"]
[SourceTitle "EXT 2018"]
[Source "ChessBase"]
[SourceDate "2017.10.13"]
[SourceVersion "1"]
[SourceVersionDate "2017.10.13"]
[SourceQuality "1"]
[WhiteTeam "Halle USV"]
[BlackTeam "Leipzig SG II"]
[WhiteTeamCountry "GER"]
[BlackTeamCountry "GER"]

1. d4 d6 2. Nf3 Nf6 3. c4 Nc6 4. d5 Ne5 5. Nc3 Ng6 6. h3 e5 7. e4 Be7 8. Be3 0-0 9. g4 c6 10. Qd2 Bd7 11. Bd3 cxd5 12. cxd5 a6 13. 0-0-0 Qa5 14. Kb1 Rfc8 15. Ne2 Qxd2 16. Bxd2 Bb5 17. Bxb5 axb5 18. Ng3 Ra4 19. Rhe1 Rca8 20. g5 Nd7 21. a3 Nc5 22. Bb4 b6 23. Nf5 Kf8 24. Re3 Nf4 25. Nxe7 Kxe7 26. Ne1 Rh8 27. Bxc5 bxc5 28. Nd3 Nxd3 29. Rdxd3 h6 30. Rb3 Ra5 31. Rg3 hxg5 32. Rxg5 g6 33. Rg4 Rb8 34. h4 Ra4 35. f3 Rc4 36. Rg3 b4 37. Rh3 Rh8 38. Re3 Kd7 39. Ka2 Rd4 40. Rb3 Kc7 41. Re3 Kb6 42. axb4 cxb4 43. Kb3 Kb5 44. Rh2 Rh5 45. Rc2 f5 46. Rc8 f4 47. Rb8+ Kc5 48. Rc8+ Kb5 49. Rb8+ Kc5 50. Rc8+ Kb6 51. Re1 Rxh4 52. Rec1 Rh7 53. Rb8+ Rb7 54. Rc6+ Ka7 55. Rxb7+ Kxb7 56. Rxd6 Rd3+ 57. Kxb4 Rxf3 58. Rxg6 Re3 1/2-1/2

[Event "GER-ch 86th"]
[Site "Saarbruecken"]
[Date "2015.12.10"]
[Round "8"]
[White "Groeger, Stefan"]
[Black "Bode, Wilfried"]
[Result "0-1"]
[WhiteElo "2087"]
[BlackElo "2338"]
[PlyCount "100"]
[EventDate "2015.12.03"]
[EventType "swiss"]
[EventRounds "9"]
[EventCountry "GER"]
[SourceTitle "CBM 169 Extra"]
[Source "ChessBase"]
[SourceDate "2015.12.18"]
[SourceVersion "1"]
[SourceVersionDate "2015.12.18"]
[SourceQuality "1"]

1. d4 g6 2. c4 Bg7 3. Nc3 d6 4. e4 e5 5. Nf3 Nc6 6. Bg5 f6 7. Be3 Nh6 8. h3 Nf7 9. d5 Ne7 10. g4 Bh6 11. Qd2 Bxe3 12. fxe3 h5 13. Rg1 hxg4 14. hxg4 Ng8 15. 0-0-0 Kf8 16. Rg3 Kg7 17. Qg2 Ng5 18. Nd2 Nh6 19. Be2 Bd7 20. Qf2 Qe7 21. Rdg1 Nhf7 22. Qe1 Rh2 23. R3g2 Rah8 24. Nf1 Rxg2 25. Rxg2 Qd8 26. Kc2 a6 27. Kd3 Qb8 28. b3 Qa7 29. Rh2 Rb8 30. Qc1 Qc5 31. Nd2 b5 32. Ncb1 b4 33. a4 bxa3 34. Qxa3 Qb6 35. Nc3 Nd8 36. Rh1 a5 37. Na4 Qb4 38. Qxb4 axb4 39. Ra1 Ra8 40. Ra2 Nb7 41. Nc3 Nc5+ 42. Kc2 Rh8 43. Ncb1 Rh2 44. Bd1 Ngxe4 45. Ra7 Nxd2 46. Nxd2 Kh6 47. Kc1 Rh1 48. Kc2 Rh2 49. Kc1 Rh1 50. Kc2 f5 0-1

[Event "Oberliga Ost-A 1415"]
[Site "Germany"]
[Date "2015.01.17"]
[Round "6.8"]
[White "Groeger, Stefan"]
[Black "Hansch, Stephan"]
[Result "1/2-1/2"]
[WhiteElo "2079"]
[BlackElo "2044"]
[PlyCount "81"]
[EventDate "2014.09.21"]
[EventType "team-tourn"]
[EventRounds "11"]
[EventCountry "GER"]
[SourceTitle "EXT 2016"]
[Source "ChessBase"]
[SourceDate "2015.10.08"]
[SourceVersion "1"]
[SourceVersionDate "2015.10.08"]
[SourceQuality "1"]
[WhiteTeam "Halle Volksbank"]
[BlackTeam "Magdeburg Aufbau Elbe"]
[WhiteTeamCountry "GER"]
[BlackTeamCountry "GER"]

1. d4 Nf6 2. Nf3 d5 3. c4 e6 4. Nc3 Be7 5. Bf4 0-0 6. e3 c5 7. dxc5 Bxc5 8. cxd5 exd5 9. Be2 Nc6 10. 0-0 Bg4 11. Bg5 Be6 12. Nb5 Rc8 13. Nbd4 h6 14. Bh4 Be7 15. Qa4 Qb6 16. Qb5 Bc5 17. Bxf6 gxf6 18. Nb3 Qxb5 19. Bxb5 Ne5 20. Nfd4 a6 21. Be2 Nc4 22. Nxc5 Rxc5 23. Rfc1 Rfc8 24. b3 Ne5 25. Rxc5 Rxc5 26. Kf1 Kf8 27. Ke1 Ke7 28. Kd2 Kd6 29. f4 Nc6 30. Bd3 Nxd4 31. exd4 Rc8 32. Rf1 Rg8 33. g3 Bh3 34. Rc1 h5 35. Ke3 h4 36. Rg1 Bd7 37. Kf3 hxg3 38. Rxg3 Rh8 39. Kg2 Rc8 40. f5 Bb5 41. a4 1/2-1/2